000
00286nam a2200133Ia 4500
100
_a
Cox/T.B.
942
_c
BK
654
_a
Computer
245
_a
Oracle : Workgroup Server Handbook
260
_b
Osborne
_a
Berkley
_c
1995
082
_a
005.13 'O'
546
_a
ENGLISH
999
_c
20635
_d
20635